El 48 como desborde trágico /
保存先:
| 第一著者: | |
|---|---|
| フォーマット: | テキスト |
| 言語: | Spanish |
| タグ: |
タグ追加
タグなし, このレコードへの初めてのタグを付けませんか!
|
MARC
| LEADER | 00000 a a2200000 04500 | ||
|---|---|---|---|
| 001 | 40081 | ||
| 003 | cru CRAI/IIS | ||
| 005 | 20210305131332.0 | ||
| 008 | 210305b ||||| |||| 00| 0 spa d | ||
| 040 | |c cru CRAI/IIS | ||
| 100 | |a Solís Avendaño, Manuel Antonio | ||
| 245 | |a El 48 como desborde trágico / |c Manuel Antonio Solís Avendaño | ||
| 773 | |g volumen33 ( 2007), páginas 261-295 | ||
| 773 | 0 | |0 18765 |9 5217 |a Universidad de Costa Rica. |d San José, Costa Rica: Editorial Universidad de Costa Rica, 1974- |o 09560 |t Anuario de Estudios Centroamericanos / |x 03777316 | |
| 942 | |2 ddc |c PP | ||
| 999 | |c 36940 |d 36940 | ||
